000 00962cab a2200229 4500
001 WB2808-41
008 090401t1992 xxu||||| |||| 00| 0 eng d
035 _a(Sirsi) u39511
041 _aeng
245 _aCity Challenge given further £750m
260 _c1992
350 _a0
490 _aFinancial Times
_v19 February 1992, 10
490 _aDaily Telegraph
_v19 February 1992, 4
520 _aSoS for the Environment Michael Heseltine has pledged a further £750m for urban renewal projects to 20 inner city areas under the second phase of the City Challenge scheme. 57 urban priority areas (UPAs) are invited to compete for a share of the grant including the 11 winners in the 1991 pilot competition. Lists the 57 UPSs. Nottingham CC has been given approval for its City Challenge plan.
650 _aCITY CHALLENGE
650 _aINNER CITIES
650 _aURBAN PRIORITY AREAS
690 _aURBAN RENEWAL
942 _n0
948 _c04/03/1997
999 _c25357
_d25357